Clubs participant à la Coupe du monde des clubs 2025. - Statistiques

Statistiques générales
  • Ce quiz a été pris 216 fois
    51 depuis la dernière actualisation
  • Le résultat moyen est 19 sur 32
Statistiques - réponses
Hint Réponse % Correct
Paris Saint-Germain
100%
Chelsea FC
93%
Atlético de Madrid
91%
Bayern Munich
89%
Real Madrid
89%
Manchester City
84%
Inter Milan
82%
Borussia Dortmund
78%
Inter Miami CF
76%
Juventus FC
76%
CR Flamengo
71%
Benfica Lisbonne
67%
FC Porto
67%
Al-Hilal FC
64%
Boca Juniors
62%
River Plate
60%
SE Palmeiras
56%
Botafogo FR
51%
Wydad AC
49%
RB Salzbourg
47%
Sounders de Seattle
47%
Fluminense FC
44%
Al Ahly SC
44%
Los Angeles FC
44%
Auckland City
40%
ES Tunis
36%
CF Monterrey
33%
Al-Aïn FC
31%
Mamelodi Sundowns
24%
CF Pachuca
22%
Urawa Red Diamonds
18%
Ulsan HD
16%
Aucun quiz correspondant
Distribution des résultats
% des personnes avec chaque résultat
Percentile par nombre de réponses
Votre historique - résultats
Vous n’avez pas pris ce quiz depuis la dernière actualisation